| 000 | 01592nam a2200385 i 4500 | ||
|---|---|---|---|
| 001 | 000038983 | ||
| 003 | DO-SdBNP | ||
| 005 | 20260526130704.0 | ||
| 007 | ta | ||
| 008 | 100406s2012 dr ac 001 0 spa d | ||
| 020 | _a9789945462289 | ||
| 040 |
_aDO-SdBNP _bspa _cBNPHU _erda |
||
| 082 | 4 |
_a972.93053 _bE82s 2012 _222 |
|
| 100 | 1 |
_aEstrella M. Luis Salvador, _d1947- _eautor _4aut. _938774 |
|
| 245 | 1 | 0 |
_aSalvador Estrella S. del complot a la gloria / _cLuis Salvador Estrella M. ; cuidado de edición, Luis Fernández |
| 250 | _asegunda edición | ||
| 264 | 1 |
_aSanto Domingo : _bComisión Permanente de Efemérides Patrias, _c2012. |
|
| 300 |
_a257 páginas : _bilustraciones, retratos ; _c24 cm. |
||
| 336 |
_atexto _btxt _2rdacontent |
||
| 337 |
_asin mediació _bn _2rdamedia |
||
| 338 |
_avolumen _bnc _2rdacarrier |
||
| 490 | 0 |
_aColección 50 Aniversario del ajusticiamiento de Trujillo. _v5 |
|
| 500 | _aIncluye índice onomástico | ||
| 590 | _aInventariado, 2026/BT | ||
| 600 | 1 | 4 |
_aEstrella M. Luis Salvador _d1947- _xRelatos personales _938775 |
| 600 | 1 | 4 |
_aEstrella S., Salvador, _d1919-1961 _xCorrespondencia, memorias, etc. _938776 |
| 600 | 1 | 4 |
_aTrujillo Molina, Rafael Leónidas, _d 1891-1961 _976764 |
| 650 | 4 |
_aPersecuciones políticas _zRepública Dominicana _928992 |
|
| 650 | 4 |
_aHomicidio político _931686 |
|
| 650 | 4 |
_aConspiraciones _zRepública Dominicana _xHistoria _912686 |
|
| 650 | 4 |
_aAsesinato _zRepública Dominicana _xBiografías _938777 |
|
| 700 | 1 |
_aFernández, Luis, _eeditor _4ed. _920945 |
|
| 910 | _aValidado. Control de calidad MFF | ||
| 942 |
_2ddc _cLBS1 |
||
| 999 |
_c38473 _d38473 |
||